[Event "5th Banco di Roma"]
[Site "Rome ITA"]
[Date "1981.02.??"]
[Round "1"]
[White "Makropoulos, Georgios"]
[Black "Toth, Bela"]
[Result "1-0"]
[WhiteElo "2485"]
[BlackElo "2395"]
[EventDate "1981.02.07"]
[PlyCount "83"]

1.e4 e5 2.Nf3 Nf6 3.Nxe5 d6 4.Nxf7 Kxf7 5.d4 g6 6.Nc3 Bg7 7.Bc4+ Be6 8.
Bxe6+ Kxe6 9.f4 Kf7 10.e5 Ne8 11.Qf3 c6 12.Ne4 Qa5+ 13.Bd2 Qd5 14.f5 Rf8 
15.f6 Kg8 16.Qb3 Qxb3 17.axb3 Nxf6 18.exf6 Bxf6 19.Nxd6 Bxd4 20.O-O-O Bg7 
21.Nxb7 Rf2 22.Be3 Rf8 23.Rd8 Rxd8 24.Nxd8 a5 25.Re1 h5 26.Bf4 Nd7 27.Nxc6
a4 28.b4 a3 29.bxa3 Rxa3 30.Re8+ Nf8 31.Bd6 Kf7 32.Re7+ Kg8 33.Re8 Kf7 34.
Re7+ Kg8 35.Ra7 Re3 36.Ne7+ Kh8 37.Nd5 Re2 38.Ra8 Kg8 39.b5 Kf7 40.Ra7+ 
Kg8 41.b6 Rxg2 42.Rxg7+ 1-0

[Event "5th Banco di Roma"]
[Site "Rome ITA"]
[Date "1981.02.??"]
[Round "1"]
[White "Mariotti, Sergio"]
[Black "Parma, Bruno"]
[Result "1/2-1/2"]
[WhiteElo "2485"]
[BlackElo "2500"]
[EventDate "1981.02.07"]
[PlyCount "72"]

1.e4 c5 2.Nf3 d6 3.d4 cxd4 4.Nxd4 Nf6 5.Nc3 g6 6.Be2 Bg7 7.O-O Nc6 8.Be3 
O-O 9.Qd2 d5 10.exd5 Nxd5 11.Nxc6 bxc6 12.Rfd1 Qc7 13.Bd4 e5 14.Bc5 Rd8 
15.Bc4 Bg4 16.Re1 Nb6 17.Bd3 Bf5 18.Qe2 Bxd3 19.cxd3 Qd7 20.Red1 Nd5 21.
Nxd5 Qxd5 22.Qc2 Rd7 23.f3 h5 24.Qc4 Qxc4 25.dxc4 Rad8 26.Rxd7 Rxd7 27.Rb1
e4 28.fxe4 Bd4+ 29.Bxd4 Rxd4 30.b3 Rd2 31.Rf1 Rxa2 32.Rf6 Rb2 33.Rxc6 Rxb3
34.Kf2 a5 35.Ra6 Rc3 36.Rxa5 Rxc4 1/2-1/2

[Event "5th Banco di Roma"]
[Site "Rome ITA"]
[Date "1981.02.??"]
[Round "1"]
[White "Rodriguez Vargas, Orestes"]
[Black "Tatai, Stefano"]
[Result "0-1"]
[WhiteElo "2455"]
[BlackElo "2495"]
[EventDate "1981.02.07"]
[PlyCount "78"]

1.d4 Nf6 2.Nf3 b6 3.c4 e6 4.g3 Ba6 5.Nbd2 Bb7 6.Bg2 c5 7.O-O cxd4 8.Nb3 
Be7 9.Nbxd4 a6 10.b3 O-O 11.Bb2 d6 12.Qd2 Nbd7 13.h3 Re8 14.Rfd1 Qc7 15.
Qe3 Bf8 16.g4 g6 17.Rac1 Rac8 18.b4 Qb8 19.Nb3 e5 20.a3 Rc7 21.Nbd2 b5 22.
Ne1 d5 23.cxd5 Nxd5 24.Bxd5 Bxd5 25.Rxc7 Qxc7 26.Ne4 Bxe4 27.Qxe4 Nb6 28.
Nd3 Qc4 29.Qb7 Qc2 30.Re1 Nc4 31.Bc1 e4 32.Nf4 e3 33.fxe3 Qc3 34.Rf1 Qe5 
35.Rf3 Rd8 36.Nd3 Qe6 37.e4 Rd7 38.Qc8 Rxd3 39.Qxe6 Rd1+ 0-1

[Event "5th Banco di Roma"]
[Site "Rome ITA"]
[Date "1981.02.??"]
[Round "2"]
[White "Toth, Bela"]
[Black "Matanovic, Aleksandar"]
[Result "1/2-1/2"]
[WhiteElo "2395"]
[BlackElo "2500"]
[EventDate "1981.02.07"]
[PlyCount "57"]

1.d4 Nf6 2.c4 e6 3.Nf3 b6 4.g3 Bb7 5.Bg2 Be7 6.O-O O-O 7.Nc3 Ne4 8.Qc2 
Nxc3 9.Qxc3 f5 10.b3 Bf6 11.Ba3 d6 12.Rad1 Re8 13.Qc1 Nd7 14.c5 Nf8 15.c6 
Ba6 16.Rfe1 d5 17.Ne5 Ng6 18.Nxg6 hxg6 19.f3 Bb5 20.Kh1 a5 21.e4 a4 22.
exd5 exd5 23.f4 Rxe1+ 24.Rxe1 axb3 25.axb3 Kh7 26.Rd1 Qg8 27.Re1 Qd8 28.
Rd1 Qg8 29.Re1 1/2-1/2

[Event "5th Banco di Roma"]
[Site "Rome ITA"]
[Date "1981.02.??"]
[Round "2"]
[White "Tatai, Stefano"]
[Black "Zichichi, Alvise"]
[Result "1/2-1/2"]
[WhiteElo "2495"]
[BlackElo "2400"]
[EventDate "1981.02.07"]
[PlyCount "81"]

1.e4 c5 2.Nf3 e6 3.d4 cxd4 4.Nxd4 Nc6 5.Nb5 d6 6.Bf4 e5 7.Be3 a6 8.N5c3 
Nf6 9.Bc4 Be7 10.Nd5 Nxd5 11.Bxd5 O-O 12.Na3 Be6 13.Nc4 Rc8 14.Nb6 Rc7 15.
Qd2 Re8 16.O-O h6 17.Rad1 Bf8 18.c3 Qf6 19.Bb3 Qg6 20.Nd5 Rd7 21.Bc2 f5 
22.exf5 Bxf5 23.Bxf5 Qxf5 24.f4 e4 25.Qe2 h5 26.Nb6 Rf7 27.Rd5 Qg4 28.Qxg4
hxg4 29.Rg5 Ne7 30.f5 Kh7 31.Rf4 d5 32.Rh5+ Kg8 33.Bd4 e3 34.Bxe3 Nxf5 35.
Rhxf5 Rxf5 36.Rxf5 Rxe3 37.Nd7 Bd6 38.Rxd5 g3 39.hxg3 Bxg3 40.Rd1 Re2 41.
b4 1/2-1/2

[Event "5th Banco di Roma"]
[Site "Rome ITA"]
[Date "1981.02.??"]
[Round "2"]
[White "Csom, Istvan"]
[Black "Rodriguez Vargas, Orestes"]
[Result "0-1"]
[WhiteElo "2500"]
[BlackElo "2455"]
[EventDate "1981.02.07"]
[PlyCount "92"]

1.c4 e6 2.Nf3 Nf6 3.b3 d5 4.cxd5 exd5 5.Bb2 Bd6 6.e3 c6 7.Be2 Nbd7 8.d3 
Qe7 9.O-O Nf8 10.Nbd2 Ng6 11.Re1 O-O 12.a3 Be6 13.Qc1 Rfc8 14.Bc3 Ng4 15.
Qb2 f6 16.b4 Qc7 17.Nf1 N4e5 18.Nd4 Bd7 19.Rec1 Qd8 20.Nb3 b6 21.Qa2 a6 
22.Be1 Qe7 23.Rc2 f5 24.g3 Ng4 25.Nd4 Kh8 26.h3 Nf6 27.f4 c5 28.bxc5 bxc5 
29.Nf3 Rab8 30.Rcc1 h6 31.Bc3 Ba4 32.Qd2 Re8 33.Bd1 Bc6 34.Bxf6 gxf6 35.d4
c4 36.Rc3 Rb7 37.Qc1 Reb8 38.Bc2 Bd7 39.Qd1 Rb2 40.N3d2 Bc7 41.Ba4 Ba5 42.
Rcc1 Rxd2 43.Nxd2 Qxe3+ 44.Kg2 Bxa4 45.Nf1 Qe4+ 46.Qf3 Rb2+ 0-1

[Event "5th Banco di Roma"]
[Site "Rome ITA"]
[Date "1981.02.??"]
[Round "2"]
[White "Makropoulos, Georgios"]
[Black "Mariotti, Sergio"]
[Result "1/2-1/2"]
[WhiteElo "2485"]
[BlackElo "2485"]
[EventDate "1981.02.07"]
[PlyCount "46"]

1.e4 Nf6 2.e5 Nd5 3.Nc3 Nxc3 4.dxc3 d6 5.Nf3 Nc6 6.Bc4 dxe5 7.Qxd8+ Nxd8 
8.Nxe5 f6 9.Nf3 e5 10.Be3 Be6 11.Nd2 Bxc4 12.Nxc4 Nf7 13.O-O-O Nd6 14.
Nxd6+ Bxd6 15.c4 b6 16.c5 bxc5 17.Rd3 O-O-O 18.Rc3 Rd7 19.Rd1 Rhd8 20.Rc4 
Bf8 21.Rxd7 Rxd7 22.Bxc5 Bxc5 23.Rxc5 Rd4 1/2-1/2

[Event "5th Banco di Roma"]
[Site "Rome ITA"]
[Date "1981.02.??"]
[Round "3"]
[White "Mariotti, Sergio"]
[Black "Toth, Bela"]
[Result "0-1"]
[WhiteElo "2485"]
[BlackElo "2395"]
[EventDate "1981.02.07"]
[PlyCount "69"]

1.e4 c5 2.c3 d5 3.exd5 Qxd5 4.d4 e6 5.Nf3 Nf6 6.Bd3 Be7 7.O-O O-O 8.Qe2 
cxd4 9.cxd4 Nc6 10.Rd1 Nb4 11.Nc3 Qd8 12.Bc4 b6 13.Ne5 Bb7 14.a3 Nbd5 15.
Rd3 Rc8 16.Rh3 Nxc3 17.bxc3 Be4 18.g4 Bg6 19.Bd2 Nd5 20.Rf1 Bxa3 21.f4 Ne7
22.f5 exf5 23.gxf5 Nxf5 24.Nxg6 hxg6 25.Rxf5 Rxc4 26.Rf4 Qd5 27.Rfh4 f6 
28.Re3 Bd6 29.Rg4 g5 30.Rh3 Ra4 31.Re4 Ra1+ 32.Kf2 Bf4 33.Bxf4 gxf4 34.c4 
Qg5 35.Kf3 0-1

[Event "5th Banco di Roma"]
[Site "Rome ITA"]
[Date "1981.02.??"]
[Round "3"]
[White "Rodriguez Vargas, Orestes"]
[Black "Parma, Bruno"]
[Result "1/2-1/2"]
[WhiteElo "2455"]
[BlackElo "2500"]
[EventDate "1981.02.07"]
[PlyCount "50"]

1.d4 Nf6 2.Nf3 e6 3.c4 b6 4.e3 Bb7 5.Bd3 d5 6.O-O Bd6 7.b3 O-O 8.Bb2 Nbd7 
9.Ne5 c5 10.Nd2 Ne4 11.cxd5 exd5 12.Bxe4 dxe4 13.Ndc4 Be7 14.Nxd7 Qxd7 15.
dxc5 Qxd1 16.Rfxd1 Bxc5 17.Ba3 Bxa3 18.Nxa3 Ba6 19.Nc2 Rfc8 20.Nd4 g6 21.
h4 Rc7 22.Kh2 Rac8 23.Kg3 Kg7 24.Kf4 h5 25.Rd2 Bd3 1/2-1/2

[Event "5th Banco di Roma"]
[Site "Rome ITA"]
[Date "1981.02.??"]
[Round "3"]
[White "Matanovic, Aleksandar"]
[Black "Tatai, Stefano"]
[Result "1/2-1/2"]
[WhiteElo "2500"]
[BlackElo "2495"]
[EventDate "1981.02.07"]
[PlyCount "41"]

1.e4 c5 2.Nf3 d6 3.d4 cxd4 4.Nxd4 Nf6 5.Nc3 a6 6.Be2 e5 7.Nb3 Be7 8.O-O 
Be6 9.Bg5 Nbd7 10.f4 Rc8 11.Kh1 h6 12.Bxf6 Nxf6 13.f5 Bd7 14.a4 Bc6 15.Bf3
O-O 16.Qd3 b5 17.axb5 axb5 18.Na5 Qd7 19.Nd5 Bd8 20.Nxf6+ Bxf6 21.Nxc6 
1/2-1/2

[Event "5th Banco di Roma"]
[Site "Rome ITA"]
[Date "1981.02.??"]
[Round "4"]
[White "Toth, Bela"]
[Black "Tatai, Stefano"]
[Result "1/2-1/2"]
[WhiteElo "2395"]
[BlackElo "2495"]
[EventDate "1981.02.07"]
[PlyCount "86"]

1.d4 Nf6 2.c4 e6 3.Nf3 b6 4.g3 Ba6 5.Nbd2 Bb7 6.Qc2 c5 7.e4 cxd4 8.Nxd4 
Nc6 9.Nxc6 Bxc6 10.Bg2 Rc8 11.O-O d6 12.b3 Be7 13.Bb2 O-O 14.Qd3 Qc7 15.
Rfe1 Qb7 16.Rac1 Rfd8 17.Qe2 a6 18.h3 b5 19.Qe3 Nd7 20.Nf3 e5 21.Nd2 Re8 
22.Rc2 b4 23.a3 a5 24.axb4 axb4 25.Ra1 Ra8 26.Rcc1 Rxa1 27.Rxa1 Ra8 28.Rb1
Ra2 29.h4 Bd8 30.Bf3 Bb6 31.Qd3 Qc7 32.Qc2 Nc5 33.Ra1 Rxa1+ 34.Bxa1 Qa7 
35.Bb2 Ne6 36.Nf1 Bd4 37.Bxd4 Nxd4 38.Qd3 f5 39.Bg2 f4 40.gxf4 exf4 41.Qd1
Bd7 42.Nh2 Qc5 43.Nf3 Nxf3+ 1/2-1/2

[Event "5th Banco di Roma"]
[Site "Rome ITA"]
[Date "1981.02.??"]
[Round "4"]
[White "Parma, Bruno"]
[Black "Zichichi, Alvise"]
[Result "1/2-1/2"]
[WhiteElo "2500"]
[BlackElo "2400"]
[EventDate "1981.02.07"]
[PlyCount "80"]

1.e4 c5 2.Nf3 e6 3.d4 cxd4 4.Nxd4 Nf6 5.Nc3 d6 6.Be2 Be7 7.O-O O-O 8.f4 
Nc6 9.Kh1 Bd7 10.Be3 a6 11.a4 Qc7 12.Nb3 b6 13.g4 Rfc8 14.g5 Ne8 15.Bf3 
Bf8 16.Bg2 g6 17.Qe1 Nb4 18.Qf2 Rab8 19.Rad1 Rd8 20.Rd2 Nc6 21.Nd4 Nxd4 
22.Bxd4 Bc6 23.f5 e5 24.Be3 Ng7 25.Nd5 Bxd5 26.Rxd5 b5 27.axb5 axb5 28.Rd2
d5 29.fxg6 hxg6 30.Rxd5 Rxd5 31.exd5 Nf5 32.Be4 Nxe3 33.Qxe3 Be7 34.h4 Rf8
35.Kg2 Kg7 36.Qf3 Qd6 37.Qg4 Qb4 38.h5 Qd2+ 39.Rf2 Qxg5 40.Qxg5 Bxg5 
1/2-1/2

[Event "5th Banco di Roma"]
[Site "Rome ITA"]
[Date "1981.02.??"]
[Round "4"]
[White "Makropoulos, Georgios"]
[Black "Rodriguez Vargas, Orestes"]
[Result "1/2-1/2"]
[WhiteElo "2485"]
[BlackElo "2455"]
[EventDate "1981.02.07"]
[PlyCount "52"]

1.e4 c5 2.c3 d5 3.exd5 Qxd5 4.d4 Nf6 5.Nf3 Bg4 6.Be2 e6 7.O-O Nc6 8.Na3 
cxd4 9.Nb5 Rc8 10.Nbxd4 Nxd4 11.cxd4 a6 12.Be3 Bd6 13.h3 Bh5 14.Qa4+ Qc6 
15.Qb3 Qd5 16.Qa4+ Qc6 17.Qxc6+ Rxc6 18.Rac1 Rxc1 19.Rxc1 Ke7 20.g4 Bg6 
21.Ne5 Nd5 22.Bf3 f6 23.Nc4 Rc8 24.Bxd5 exd5 25.Nxd6 Rxc1+ 26.Bxc1 Kxd6 
1/2-1/2

[Event "5th Banco di Roma"]
[Site "Rome ITA"]
[Date "1981.02.??"]
[Round "5"]
[White "Rodriguez Vargas, Orestes"]
[Black "Mariotti, Sergio"]
[Result "1/2-1/2"]
[WhiteElo "2455"]
[BlackElo "2485"]
[EventDate "1981.02.07"]
[PlyCount "84"]

1.d4 e6 2.Nf3 f5 3.c4 Nf6 4.Nc3 d5 5.Bf4 c6 6.e3 Be7 7.Bd3 O-O 8.Ne5 Ne4 
9.Bxe4 fxe4 10.O-O Nd7 11.f3 Qb6 12.Qe2 Rxf4 13.c5 Bxc5 14.Na4 Qb4 15.Nxc5
Nxe5 16.a3 Qc4 17.Qd2 Nxf3+ 18.gxf3 Rxf3 19.Rac1 Qb5 20.a4 Qb6 21.Rxf3 
exf3 22.Qf2 Qd8 23.Qxf3 b6 24.Nd3 Ba6 25.Ne5 Qg5+ 26.Qg3 Qxg3+ 27.hxg3 Bb7
28.Nxc6 Bxc6 29.Rxc6 Kf7 30.Rc7+ Kf6 31.Kf2 h5 32.e4 dxe4 33.Ke3 a5 34.
Kxe4 Rb8 35.b3 b5 36.Rc5 bxa4 37.bxa4 g6 38.Rxa5 Rb3 39.Kf4 Rd3 40.Ke4 
Rxg3 41.Ra6 Rg5 42.a5 Rb5 1/2-1/2

[Event "5th Banco di Roma"]
[Site "Rome ITA"]
[Date "1981.02.??"]
[Round "5"]
[White "Matanovic, Aleksandar"]
[Black "Parma, Bruno"]
[Result "1/2-1/2"]
[WhiteElo "2500"]
[BlackElo "2500"]
[EventDate "1981.02.07"]
[PlyCount "31"]

1.e4 d6 2.d4 Nf6 3.Nc3 g6 4.Nf3 Bg7 5.Be2 O-O 6.O-O Bg4 7.Be3 Nc6 8.Qd2 e5
9.dxe5 dxe5 10.Rad1 Qc8 11.Qc1 Rd8 12.Rxd8+ Qxd8 13.Rd1 Qf8 14.a3 Rd8 15.
Rxd8 Qxd8 16.Qd1 1/2-1/2

[Event "5th Banco di Roma"]
[Site "Rome ITA"]
[Date "1981.02.??"]
[Round "6"]
[White "Parma, Bruno"]
[Black "Tatai, Stefano"]
[Result "1/2-1/2"]
[WhiteElo "2500"]
[BlackElo "2495"]
[EventDate "1981.02.07"]
[PlyCount "64"]

1.e4 e5 2.Nf3 Nc6 3.Bb5 f5 4.Nc3 fxe4 5.Nxe4 d5 6.Nxe5 dxe4 7.Nxc6 Qd5 8.
c4 Qd6 9.Nxa7+ Bd7 10.Bxd7+ Qxd7 11.Nb5 Nf6 12.O-O Bc5 13.d4 exd3 14.Re1+ 
Kf7 15.Be3 Bxe3 16.Rxe3 Rad8 17.Qd2 Rhe8 18.Rd1 Rxe3 19.Qxe3 Qg4 20.Qf3 
Qxf3 21.gxf3 c6 22.Nc3 Nh5 23.Kf1 Kf6 24.Ke1 Nf4 25.Kd2 g5 26.Re1 Ng6 27.
Ne4+ Kf5 28.Ng3+ Kf6 29.Re3 Ne5 30.b3 h6 31.Nh5+ Kf5 32.Ng7+ Kf6 1/2-1/2

[Event "5th Banco di Roma"]
[Site "Rome ITA"]
[Date "1981.02.??"]
[Round "6"]
[White "Makropoulos, Georgios"]
[Black "Matanovic, Aleksandar"]
[Result "0-1"]
[WhiteElo "2485"]
[BlackElo "2500"]
[EventDate "1981.02.07"]
[PlyCount "102"]

1.e4 e5 2.Nf3 Nc6 3.c3 Nf6 4.d4 Nxe4 5.d5 Nb8 6.Nxe5 Bd6 7.Nd3 O-O 8.Be3 
Re8 9.Be2 Bf8 10.Nd2 Nxd2 11.Qxd2 d6 12.O-O-O Nd7 13.Rhe1 Nf6 14.Nf4 Ng4 
15.Ne6 fxe6 16.Bxg4 Qf6 17.Bh5 g6 18.Bf3 e5 19.Bg5 Qf7 20.Be3 Bg7 21.h4 h5
22.Rg1 e4 23.Be2 Bg4 24.Bxg4 hxg4 25.f3 exf3 26.gxf3 Qxf3 27.Bd4 Bxd4 28.
cxd4 Re2 29.Qd3 Qxd3 30.Rxd3 Re4 31.Rdg3 Rxd4 32.Rxg4 Rxg4 33.Rxg4 Kh7 34.
Rc4 Rc8 35.Kd2 Kg7 36.Kd3 Kf6 37.Ra4 a6 38.Rb4 b5 39.a4 Rb8 40.Ke4 Rh8 41.
Kf3 bxa4 42.Rxa4 Kf5 43.Rc4 Rb8 44.b4 Rb5 45.Kg3 Rb7 46.Rf4+ Ke5 47.Kg4 
Kxd5 48.Kg5 c5 49.bxc5 dxc5 50.Rf6 c4 51.Rxa6 c3 0-1

[Event "5th Banco di Roma"]
[Site "Rome ITA"]
[Date "1981.02.??"]
[Round "6"]
[White "Mariotti, Sergio"]
[Black "Zichichi, Alvise"]
[Result "1/2-1/2"]
[WhiteElo "2485"]
[BlackElo "2400"]
[EventDate "1981.02.07"]
[PlyCount "49"]

1.e4 c5 2.Nf3 e6 3.d4 cxd4 4.Nxd4 Nf6 5.Nc3 d6 6.g4 Nc6 7.g5 Nd7 8.h4 a6 
9.f4 Qc7 10.Bg2 b5 11.Nxc6 Qxc6 12.Qe2 Bb7 13.a4 b4 14.Nd5 a5 15.c3 Be7 
16.Nxe7 Kxe7 17.cxb4 axb4 18.Bd2 Rxa4 19.Rxa4 Qxa4 20.Qc4 Rc8 21.Qd4 Qb5 
22.Bxb4 Nc5 23.Bf1 Qc6 24.Bg2 Nb3 25.Qd1 1/2-1/2

[Event "5th Banco di Roma"]
[Site "Rome ITA"]
[Date "1981.02.??"]
[Round "7"]
[White "Rodriguez Vargas, Orestes"]
[Black "Toth, Bela"]
[Result "1-0"]
[WhiteElo "2455"]
[BlackElo "2395"]
[EventDate "1981.02.07"]
[PlyCount "66"]

1.d4 Nf6 2.Nf3 e6 3.c4 b6 4.e3 Bb7 5.Bd3 d5 6.O-O Bd6 7.b3 O-O 8.Bb2 Nbd7 
9.Ne5 c5 10.Nd2 Rc8 11.Rc1 Qe7 12.Qe2 Rfd8 13.f4 Ne4 14.cxd5 Nxd2 15.Qxd2 
Bxd5 16.e4 Bb7 17.Nxd7 Qxd7 18.d5 exd5 19.exd5 Be7 20.Qc2 Qxd5 21.Bxh7+ 
Kf8 22.Bf5 Ra8 23.Bh3 Qe4 24.Qf2 Rd3 25.Rce1 Qh7 26.Bxg7+ Qxg7 27.Rxe7 Rf3
28.Rxb7 Rxf2 29.Rxf2 Rd8 30.g3 Rd1+ 31.Kg2 Qg6 32.Rb8+ Kg7 33.g4 Qe4+ 
{? maybe time} 1-0

[Event "5th Banco di Roma"]
[Site "Rome ITA"]
[Date "1981.02.??"]
[Round "7"]
[White "Zichichi, Alvise"]
[Black "Kortschnoj, Viktor"]
[Result "0-1"]
[WhiteElo "2400"]
[BlackElo "2650"]
[EventDate "1981.02.07"]
[PlyCount "66"]

1.Nf3 Nf6 2.c4 b6 3.Nc3 Bb7 4.d3 g6 5.e4 d6 6.g3 Bg7 7.Bg2 O-O 8.O-O c5 9.
Rb1 Nc6 10.a3 Nd7 11.Qd2 Nd4 12.Nxd4 cxd4 13.Ne2 e5 14.b4 f5 15.Qa2 Kh8 
16.Bd2 fxe4 17.Bxe4 Bxe4 18.dxe4 Qe7 19.f3 Qe6 20.b5 Rac8 21.Rbc1 Rc7 22.
Bb4 Bh6 23.Rcd1 Be3+ 24.Kg2 Qxc4 25.Qxc4 Rxc4 26.Bxd6 Rf6 27.Be7 Rf7 28.
Bd6 Rc2 29.Rfe1 Rf6 30.Be7 Re6 31.Bb4 Nc5 32.h4 Re8 33.Kh3 Bf2 0-1

[Event "5th Banco di Roma"]
[Site "Rome ITA"]
[Date "1981.02.??"]
[Round "7"]
[White "Tatai, Stefano"]
[Black "Makropoulos, Georgios"]
[Result "1-0"]
[WhiteElo "2495"]
[BlackElo "2485"]
[EventDate "1981.02.07"]
[PlyCount "45"]

1.d4 d5 2.c4 Bf5 3.cxd5 Bxb1 4.Qa4+ c6 5.dxc6 Nxc6 6.Rxb1 e5 7.Bd2 exd4 8.
g3 Bc5 9.Bg2 Ne7 10.Nf3 O-O 11.b4 Bb6 12.b5 Na5 13.O-O a6 14.Rfd1 axb5 15.
Qxb5 Bc7 16.Nxd4 Nac6 17.Bc3 Qc8 18.Qxb7 Nxd4 19.Bxd4 Rb8 20.Qxc8 Rfxc8 
21.Bc5 Ng6 22.Ba7 Rxb1 23.Rxb1 1-0

[Event "5th Banco di Roma"]
[Site "Rome ITA"]
[Date "1981.02.??"]
[Round "8"]
[White "Toth, Bela"]
[Black "Parma, Bruno"]
[Result "0-1"]
[WhiteElo "2395"]
[BlackElo "2500"]
[EventDate "1981.02.07"]
[PlyCount "132"]

1.d4 Nf6 2.c4 e6 3.Nf3 b6 4.g3 Ba6 5.Nbd2 Bb7 6.Bg2 c5 7.d5 exd5 8.Nh4 Bc6
9.cxd5 Nxd5 10.e4 Nf4 11.gxf4 Qxh4 12.Nf3 Qh5 13.O-O Be7 14.Re1 O-O 15.b3 
f5 16.exf5 Bf6 17.Ne5 Qxd1 18.Rxd1 Bxg2 19.Kxg2 Nc6 20.Bb2 Rad8 21.Rd6 
Nxe5 22.fxe5 Be7 23.Rd3 Rxf5 24.Rad1 Rdf8 25.Rxd7 Rxf2+ 26.Kg1 Bg5 27.Ba1 
Be3 28.e6 Rd2+ 29.Kh1 Rxd1+ 30.Rxd1 Re8 31.Rd7 Bh6 32.e7 Kf7 33.Rxa7 Rxe7 
34.Rxe7+ Kxe7 35.Kg2 Ke6 36.Kf3 Kd5 37.Bc3 g6 38.h3 Bg5 39.Bg7 b5 40.a4 
bxa4 41.bxa4 Bd2 42.Ke2 Ba5 43.Kd3 c4+ 44.Kc2 g5 45.Bh6 Bd8 46.a5 Bxa5 47.
Bxg5 Ke4 48.Bh6 Kf3 49.Kd1 Bc3 50.h4 Bf6 51.Kd2 Kg4 52.Ke3 Kxh4 53.Ke4 Kg4
54.Bf8 h5 55.Bd6 h4 56.Ke3 h3 57.Kf2 Bh4+ 58.Kg1 c3 59.Ba3 c2 60.Bc1 Bg3 
61.Bb2 Kf3 62.Ba3 Bf4 63.Bb2 Ke4 64.Kf2 Kd3 65.Kf3 h2 66.Kg2 Kc4 0-1

[Event "5th Banco di Roma"]
[Site "Rome ITA"]
[Date "1981.02.??"]
[Round "8"]
[White "Makropoulos, Georgios"]
[Black "Csom, Istvan"]
[Result "0-1"]
[WhiteElo "2485"]
[BlackElo "2500"]
[EventDate "1981.02.07"]
[PlyCount "96"]

1.e4 c5 2.c3 d5 3.exd5 Qxd5 4.d4 Nf6 5.Nf3 e6 6.Bd3 Be7 7.Be3 b6 8.O-O Bb7
9.c4 Qd8 10.dxc5 bxc5 11.Nc3 Nbd7 12.Qe2 Bxf3 13.gxf3 O-O 14.Rad1 Qc7 15.
Nb5 Qc6 16.Bg5 Rfe8 17.Bf4 Rec8 18.Bc2 a6 19.Nc3 Rd8 20.Be4 Nxe4 21.Qxe4 
Qc8 22.Na4 Nf6 23.Qe2 Qc6 24.b3 Rac8 25.Bg5 h6 26.Be3 Qc7 27.Rxd8+ Rxd8 
28.Rd1 Rxd1+ 29.Qxd1 Bd6 30.Kg2 Nd7 31.Qd3 f5 32.h3 Kf7 33.Qd1 Qc6 34.Kg1 
g5 35.h4 Ne5 36.hxg5 hxg5 37.Kf1 f4 38.Bc1 Nxf3 39.Qd3 Kg7 40.Bb2+ Be5 41.
Ke2 g4 42.Bxe5+ Nxe5 43.Qc3 Kf6 44.Nb2 Qe4+ 45.Kd2 Kf5 46.a3 Qb1 47.b4 
cxb4 48.axb4 Qxb2+ 0-1

[Event "5th Banco di Roma"]
[Site "Rome ITA"]
[Date "1981.02.??"]
[Round "8"]
[White "Mariotti, Sergio"]
[Black "Tatai, Stefano"]
[Result "1/2-1/2"]
[WhiteElo "2485"]
[BlackElo "2495"]
[EventDate "1981.02.07"]
[PlyCount "25"]

1.e4 c6 2.d4 d5 3.Nc3 dxe4 4.Nxe4 Bf5 5.Ng3 Bg6 6.Nf3 Nd7 7.h4 h6 8.h5 Bh7
9.Bd3 Bxd3 10.Qxd3 Ngf6 11.Bd2 e6 12.O-O-O Qc7 13.Kb1 1/2-1/2

[Event "5th Banco di Roma"]
[Site "Rome ITA"]
[Date "1981.02.??"]
[Round "9"]
[White "Zichichi, Alvise"]
[Black "Toth, Bela"]
[Result "1/2-1/2"]
[WhiteElo "2400"]
[BlackElo "2395"]
[EventDate "1981.02.07"]
[PlyCount "22"]

1.Nf3 Nf6 2.c4 e6 3.d4 d5 4.Nc3 Be7 5.Bg5 O-O 6.e3 Nbd7 7.cxd5 exd5 8.Bd3 
Re8 9.Qc2 Nf8 10.O-O Ne4 11.Bxe7 Qxe7 1/2-1/2

[Event "5th Banco di Roma"]
[Site "Rome ITA"]
[Date "1981.02.??"]
[Round "9"]
[White "Matanovic, Aleksandar"]
[Black "Rodriguez Vargas, Orestes"]
[Result "1/2-1/2"]
[WhiteElo "2500"]
[BlackElo "2455"]
[EventDate "1981.02.07"]
[PlyCount "22"]

1.e4 c5 2.Nf3 e6 3.d4 cxd4 4.Nxd4 Nf6 5.Nc3 d6 6.Be2 Be7 7.O-O O-O 8.f4 
Nc6 9.Kh1 e5 10.Nb3 a5 11.a4 Nb4 1/2-1/2